[Event "Olympiad-45"]
[Site "Budapest"]
[Date "2024.09.20"]
[Round "9.3"]
[White "Suk, Raj Monger"]
[Black "Hair, Justin M"]
[Result "1-0"]
[WhiteElo "1821"]
[BlackElo "1725"]
[PlyCount "83"]
[EventDate "2024.09.11"]
[EventType "team-swiss"]
[EventRounds "11"]
[EventCountry "HUN"]
[SourceTitle "EXT 2025"]
[Source "ChessBase"]
[SourceDate "2024.10.14"]
[SourceVersion "1"]
[SourceVersionDate "2024.10.14"]
[SourceQuality "1"]
[WhiteTeam "Bhutan"]
[BlackTeam "US Virgin Islands"]
[WhiteTeamCountry "BTN"]
[BlackTeamCountry "ISV"]

1. e4 c5 2. Nf3 d6 3. d4 cxd4 4. Nxd4 Nf6 5. Nc3 g6 6. Be3 Bg7 7. Qd2 Ng4 8. f3 Nxe3 9. Qxe3 0-0 10. Bc4 Bd7 11. 0-0-0 Nc6 12. Nde2 a6 13. Bb3 Rc8 14. g4 Na5 15. Kb1 Nxb3 16. cxb3 Qc7 17. h4 h6 18. Rc1 e6 19. f4 Qd8 20. Qd3 Bc6 21. Rcd1 Qf6 22. g5 Qd8 23. gxh6 Bxh6 24. h5 Kg7 25. hxg6 fxg6 26. Rdg1 e5 27. Qh3 Rh8 28. Rxg6+ Kxg6 29. Qf5+ Kg7 30. Rg1+ Bg5 31. Rxg5+ Qxg5 32. Qxg5+ Kf7 33. fxe5 Rh1+ 34. Kc2 Bxe4+ 35. Kd2 dxe5 36. Nxe4 Rg8 37. Qf6+ Ke8 38. Qxe5+ Kf8 39. Qf5+ Kg7 40. Qe5+ Kh6 41. Qf6+ Rg6 42. Qh8# 1-0

[Event "Olympiad-45"]
[Site "Budapest"]
[Date "2024.09.18"]
[Round "7.3"]
[White "Suk, Raj Monger"]
[Black "Kasongo Kazadi, Olivier"]
[Result "1-0"]
[WhiteElo "1821"]
[BlackElo "1794"]
[PlyCount "53"]
[EventDate "2024.09.11"]
[EventType "team-swiss"]
[EventRounds "11"]
[EventCountry "HUN"]
[SourceTitle "EXT 2025"]
[Source "ChessBase"]
[SourceDate "2024.10.14"]
[SourceVersion "1"]
[SourceVersionDate "2024.10.14"]
[SourceQuality "1"]
[WhiteTeam "Bhutan"]
[BlackTeam "Congo"]
[WhiteTeamCountry "BTN"]
[BlackTeamCountry "CON"]

1. e4 e5 2. Nf3 Nc6 3. Bc4 h6 4. d4 exd4 5. Nxd4 Qf6 6. Be3 Qg6 7. 0-0 Ne5 8. Bb3 c6 9. Bf4 Ng4 10. Nf5 Bc5 11. Qf3 N8f6 12. h3 h5 13. Bd6 Bxd6 14. Nxd6+ Ke7 15. Nxc8+ Raxc8 16. hxg4 hxg4 17. Qg3 Qh6 18. f3 gxf3 19. Qxf3 Qh4 20. Nc3 Ng4 21. Qh3 Qg5 22. Rxf7+ Kd6 23. Qg3+ Kc5 24. Rf5+ Qxf5 25. exf5 Nh2 26. Na4+ Kd4 27. Re1 1-0